Algunas reflexiones en torno al Tratado de Libre Comercio: México-Costa Rica /
Gorde:
| Egile nagusia: | |
|---|---|
| Formatua: | Texto |
| Gaiak: | |
| Etiketak: |
Etiketa erantsi
Etiketarik gabe, Izan zaitez lehena erregistro honi etiketa jartzen!
|
MARC
| LEADER | 00000 a a2200000 04500 | ||
|---|---|---|---|
| 001 | 45901 | ||
| 003 | |||
| 040 | |||
| 100 | |a Ramírez López, Berenice P. | ||
| 245 | |a Algunas reflexiones en torno al Tratado de Libre Comercio: |b México-Costa Rica / |c Berenice P. Ramírez López | ||
| 650 | |a MEXICO | ||
| 650 | |a COSTA RICA | ||
| 650 | |a TRATADO DE LIBRE COMERCIO | ||
| 650 | |a ECONOMIA | ||
| 773 | |g número73 (1994), páginas 10-13 | ||
| 999 | |c 30419 |d 30419 | ||
